Las aventuras de Max y su ojo submarino / (Record no. 159857)

MARC details
000 -CABECERA
campo de control de longitud fija 00615nam a2200205 u 4500
005 - FECHA Y HORA DE LA ÚLTIMA TRANSACCIÓN
campo de control 20241129063743.0
008 - ELEMENTOS DE LONGITUD FIJA--INFORMACIÓN GENERAL
campo de control de longitud fija 121019s2007 mx r 000 0 spa d
020 ## - NÚMERO INTERNACIONAL NORMALIZADO PARA LIBROS
Número Internacional Estándar del Libro 9789681684501
035 ## - NÚMERO DE CONTROL DEL SISTEMA
Número de control de sistema UPN01000187754
049 ## - COLECCIÓN
Colección I
050 #4 - SIGNATURA TOPOGRÁFICA DE LA BIBLIOTECA DEL CONGRESO
Número de clasificación PQ7298.41 M3.7
Número de documento/Ítem A9.4
100 1# - ASIENTO PRINCIPAL--NOMBRE PERSONAL
Nombre de persona Amara, Luigi,
Fechas asociadas al nombre 1971-
9 (RLIN) 30792
245 14 - MENCIÓN DE TÍTULO
Título Las aventuras de Max y su ojo submarino /
Mención de responsabilidad, etc. Luigi Amara ; il. Jonathan Farr.
260 ## - PUBLICACIÓN, DISTRIBUCIÓN, ETC.
Lugar de publicación, distribución, etc. México :
Nombre del editor, distribuidor, etc. FCE,
Fecha de publicación, distribución, etc. 2007.
300 ## - DESCRIPCIÓN FÍSICA
Extensión 61 p. :
Otras características físicas il.
440 #4 - MENCIÓN DE SERIE/ASIENTO SECUNDARIO--TÍTULO
Título Los especiales de A la orilla del viento
650 #4 - ASIENTO SECUNDARIO DE MATERIA - TERMINO TEMATICO
Término de materia o nombre geográfico como elemento de entrada Poesía infantil mexicana
9 (RLIN) 1260
905 ## - TIPO DE MATERIAL
Tipo de material Infantil
Holdings
Estado de retiro Estado de pérdida Fuente del sistema de clasificación o colocación Estado dañado No para préstamo Código de colección Localización permanente Ubicación/localización actual Ubicación en estantería Total de préstamos Clasificación Código de barras Fecha visto por última vez Número de copia Tipo de ítem Koha
    Library of Congress Classification     Infantil Bib. Gregorio Torres Quintero Bib. Gregorio Torres Quintero Sala infantil Planta baja 2 PQ7298.41 M3.7 A9.4 284896 31/12/2020 1 Libro